000 00670nam a2200265Ia 4500
005 20260121173648.0
008 008 260114s9999 xx 000 0 eng d
020 _a9789401791847
037 _aEBOOK
040 _aCRL
040 _beng
040 _cCRL
041 _2eng
041 _aeng
084 _qCRL
100 _aKelly L. Heider Mary Renck Jalongo
_91103646
245 0 _aYoung Children and Families in the Information Age
260 _bSpringer
260 _bSpringer
260 _c2015
856 _uhttps://link.springer.com/openurl?genre=book&isbn=978-94-017-9184-7
942 _cEBOOK
999 _c1669394
_d1669394